Textbook on Women And Child Related Laws/ (Record no. 180118)

MARC details
000 -LEADER
fixed length control field 00610nam a22001817a 4500
005 - DATE AND TIME OF LATEST TRANSACTION
control field 20210726124302.0
010 ## - LCCN (DPL NO)
LC control number ENG-129639
020 ## - INTERNATIONAL STANDARD BOOK NUMBER
International Standard Book Number 978-93-8999-116-1
Terms of availability 650.00
035 ## - SYSTEM CONTROL NUMBER
System control number EN-113171
037 ## - SOURCE OF ACQUISITION
Source of stock number/acquisition DBAD/PUB
082 ## - DEWEY DECIMAL CLASSIFICATION NUMBER
Classification number 342.0873
100 ## - MAIN ENTRY--PERSONAL NAME
Personal name Nuzhat Parveen Khan
245 ## - TITLE STATEMENT
Title Textbook on Women And Child Related Laws/
Statement of responsibility, etc By Nuzhat Parveen Khan
260 ## - PUBLICATION, DISTRIBUTION, ETC. (IMPRINT)
Name of publisher, distributor, etc Lexis Nexis
Place of publication, distribution, etc Gurgaon
270 ## - ADDRESS
Address 14th floor, Building No 10, Tower- B, DLF Cyber City, Phase- II, Gurgaon
City Haryana
Postal code 122002
Electronic mail address help.in@lexisnexis.com
300 ## - PHYSICAL DESCRIPTION
Extent 524p;
Dimensions 24cm(pbk)
942 ## - ADDED ENTRY ELEMENTS (KOHA)
Source of classification or shelving scheme Dewey Decimal Classification
Item type English Books
Classification part 342.0873
Call number suffix KHA
Holdings
Withdrawn status Lost status Not for loan Collection code Home library Current library Date acquired Source of acquisition Cost, normal purchase price Full call number Barcode Copy number Cost, replacement price Koha item type
      Non-fiction Central Library Central Library 26/07/2021 DBAD/PUB 650.00 342.0873 KHA EN-113171 1 650.00 English Books

© Delhi Public Library
Hit Counter
free hit counter